Sports Quiz

Random Sports or NBA Quiz

Unscramble NBA Players 2k11 Quiz Stats

 Plays Quiz not verified by Sporcle

Score 0/10 Timer 05:00
0 Plays Today
Scrambled Unscramble % Correct
OYR TBREIBHROY HIBBERT
88.8%
ALUP SPALIMLPAUL MILLSAP
87.5%
ANINGNCH EFYRCHANNING FRYE
86.7%
AKLBE FINIFRGBLAKE GRIFFIN
85%
NVEA NRERTUEVAN TURNER
82.7%
SLIONW REDNAHCLWILSON CHANDLER
82.1%
AHNES TITEARBSHANE BATTIER
82.1%
HSOJ SEDSRHILCJOSH CHILDRESS
79.3%
RENDAR ISNOLOCLDARREN COLLISON
73.7%
ERKETY ANVSETYREKE EVANS
66.9%

You're not logged in!

Compare scores with friends on all Sporcle quizzes.
OR
Log In

You Might Also Like...

Show Comments

Extras

Top Quizzes Today


Score Distribution

Your Account Isn't Verified!

In order to create a playlist on Sporcle, you need to verify the email address you used during registration. Go to your Sporcle Settings to finish the process.

Report this User

Report this user for behavior that violates our Community Guidelines.

Details: